00737nam a2200217Ia 450000500170000000800410001702000150005805000200007310000440009324500790013725000190021626000340023530000230026933600100029233700140030233800120031650400360032850500970036465000180046170000400047920231102151237.0120720s1993 mx 000 0 spa d a968432278X aKB369bG65 19931 aGonzález de la Vega, Franciscoeautor aDerecho Penal Mexicanob : los delitosc / Francisco González de la Vega a26a. edición aMéxicob : Porrúac, 1993 axix, 471 páginas atexto asin medio avolumen aIncluye: índice (pp. 449-471) aDelitos contra la vida y la integridad corporal Delitos contra las personas en su patrimonio14aDERECHO PENAL aGurrola Hernández, Raúleeditor